[Event "Chigorin Memorial 2019"]
[Site "St Petersburg RUS"]
[Date "2019.10.06"]
[Round "2.21"]
[White "Afanasiev, Nikita"]
[Black "Trifonov, Pavel"]
[Result "1-0"]
[WhiteTitle "IM"]
[BlackTitle "FM"]
[WhiteElo "2520"]
[BlackElo "2220"]
[WhiteFideId "24183555"]
[BlackFideId "4194446"]
[EventDate "2019.10.05"]

1. c4 Nf6 2. Nf3 e6 3. g3 b6 4. Bg2 Bb7 5. O-O Be7 6. d4 c6 7. Nc3 O-O 8. e4 d5
9. Ne5 Na6 10. Re1 dxc4 11. Nxc4 b5 12. Ne3 b4 13. Na4 c5 14. d5 exd5 15. exd5
Bd6 16. Nc4 Re8 17. Rxe8+ Nxe8 18. Be3 Nf6 19. Qd3 Qd7 20. b3 Re8 21. Rc1 Bf8
22. Na5 Bc8 23. h3 h6 24. Nxc5 Nxc5 25. Bxc5 Bxc5 26. Rxc5 Re1+ 27. Kh2 Re5 28.
Nc6 Qd6 29. Nxe5 Qxc5 30. Qc4 Qf8 31. Qc7 Bf5 32. Qxa7 Be4 33. Bxe4 Nxe4 34. Qd4
Nc3 35. Nd3 Nxa2 36. d6 1-0

[Event "Chigorin Memorial 2019"]
[Site "St Petersburg RUS"]
[Date "2019.10.06"]
[Round "2.22"]
[White "Nikologorsky, Matfei"]
[Black "Levin, Evgeny A."]
[Result "1/2-1/2"]
[BlackTitle "GM"]
[WhiteElo "2220"]
[BlackElo "2511"]
[WhiteFideId "24102474"]
[BlackFideId "4182596"]
[EventDate "2019.10.05"]

1. e4 c5 2. Nf3 d6 3. d4 cxd4 4. Nxd4 Nf6 5. Nc3 a6 6. Be2 e6 7. O-O Be7 8. f4
Nc6 9. Be3 O-O 10. Bf3 Qc7 11. Qe1 Nxd4 12. Bxd4 e5 13. Be3 exf4 14. Bxf4 Be6
15. Kh1 Nd7 16. Nd5 Bxd5 17. exd5 Bf6 18. c3 Rae8 19. Qd2 Be5 20. Be3 Qc4 21.
Bf2 Nc5 22. Bxc5 Qxc5 23. Qd3 g6 24. Rac1 Bg7 25. Rfe1 Qf2 26. Re2 Rxe2 27. Qxe2
Qh4 28. g3 Qg5 29. Re1 Be5 30. c4 Rc8 31. a4 h5 32. b3 h4 33. Qe3 Qf5 34. Be4
Qf6 35. Bd3 Kg7 36. Rf1 Qe7 37. g4 a5 38. Kg2 h3+ 39. Kh1 Rh8 40. Rf3 Qh4 41.
Be2 f6 42. Rf1 Qg5 43. Qxg5 fxg5 44. Rf3 Bd4 45. Bf1 Re8 46. Rxh3 Rf8 47. Bg2
Re8 48. Rf3 Re2 49. Bf1 Rb2 50. h3 b6 51. Bg2 Be5 52. Kg1 Bf4 53. Rd3 Kf6 54.
Be4 Re2 55. Bf3 Be3+ 56. Kh1 Re1+ 57. Kg2 Bc5 58. Kg3 Ke5 59. Bg2 Be3 60. Kf3
Bf4 61. Kf2 Rb1 62. Kf3 Rc1 63. Kf2 Rc2+ 64. Kf3 Rc1 65. Kf2 1/2-1/2

[Event "Chigorin Memorial 2019"]
[Site "St Petersburg RUS"]
[Date "2019.10.06"]
[Round "2.23"]
[White "Vokhidov, Shamsiddin"]
[Black "Zhang, Lanlin"]
[Result "1-0"]
[WhiteTitle "IM"]
[WhiteElo "2519"]
[BlackElo "2203"]
[WhiteFideId "14204223"]
[BlackFideId "8608032"]
[EventDate "2019.10.05"]

1. e4 c5 2. Nc3 d6 3. Nf3 Nf6 4. d4 cxd4 5. Nxd4 a6 6. Nb3 e5 7. Bg5 Be7 8. Bxf6
Bxf6 9. Qd3 Be6 10. O-O-O Be7 11. Nd5 Bxd5 12. Qxd5 Nc6 13. Kb1 O-O 14. Bc4 Qc7
15. Qd2 Rfc8 16. Bd5 a5 17. a4 Nb4 18. c3 Na6 19. Qe2 Ra7 20. f4 Bf6 21. Rhf1
Rf8 22. g4 exf4 23. Rxf4 Qe7 24. Qf2 b6 25. Qxb6 Nc5 26. Nxc5 dxc5 27. g5 Bxg5
28. Rxf7 Rxf7 29. Qb8+ 1-0

[Event "Chigorin Memorial 2019"]
[Site "St Petersburg RUS"]
[Date "2019.10.06"]
[Round "2.24"]
[White "Getman, Tatyana"]
[Black "Triapishko, Alexandr"]
[Result "1/2-1/2"]
[WhiteTitle "WFM"]
[BlackTitle "IM"]
[WhiteElo "2211"]
[BlackElo "2514"]
[WhiteFideId "34166146"]
[BlackFideId "14122286"]
[EventDate "2019.10.05"]

1. d4 Nf6 2. c4 e6 3. Nf3 d5 4. Nc3 Bb4 5. Qa4+ Nc6 6. e3 O-O 7. Bd2 dxc4 8.
Bxc4 Bd6 9. Qc2 a6 10. a3 e5 11. dxe5 Nxe5 12. Nxe5 Bxe5 13. f4 Bxc3 14. Bxc3
Ng4 15. Bd4 Qe8 16. Qc3 Qc6 17. Bxg7 Re8 18. Bd4 Be6 19. Bxe6 Qxc3+ 20. Bxc3
Rxe6 21. O-O Nxe3 22. Rf3 Nd5 23. f5 Re3 24. Rxe3 Nxe3 25. f6 h6 26. Bd2 Ng4 27.
Rf1 Rd8 28. Bf4 c6 29. h3 Nxf6 30. Bxh6 Nd5 31. Re1 f6 32. g4 Kf7 33. Kg2 Nb6
34. Rf1 Kg6 35. Bc1 Nc4 36. h4 Rd4 37. h5+ Kg7 38. Bf4 Nxb2 39. g5 Rd5 40. h6+
Kg6 1/2-1/2

[Event "Chigorin Memorial 2019"]
[Site "St Petersburg RUS"]
[Date "2019.10.06"]
[Round "2.25"]
[White "Mochalin, Faddey"]
[Black "Burmakin, Vladimir"]
[Result "0-1"]
[BlackTitle "GM"]
[WhiteElo "2173"]
[BlackElo "2496"]
[WhiteFideId "34147290"]
[BlackFideId "4105109"]
[EventDate "2019.10.05"]

1. e4 c6 2. d4 d5 3. Nc3 g6 4. e5 Bg7 5. f4 h5 6. Be3 Qb6 7. Na4 Qa5+ 8. c3 Nh6
9. Nc5 Nd7 10. Nb3 Qb6 11. e6 fxe6 12. Nf3 Nf5 13. Bf2 a5 14. Qc2 a4 15. Nc1 c5
16. dxc5 Nxc5 17. Nd3 Nxd3+ 18. Bxd3 Qc7 19. O-O O-O 20. g3 a3 21. Ne5 Bxe5 22.
fxe5 Qxe5 23. Rae1 Qd6 24. Bd4 Bd7 25. Qd2 e5 26. Rxe5 Nxd4 27. Rxf8+ Rxf8 28.
cxd4 Qb6 29. Bxg6 0-1

[Event "Chigorin Memorial 2019"]
[Site "St Petersburg RUS"]
[Date "2019.10.06"]
[Round "2.26"]
[White "Zontakh, Andrey"]
[Black "Kazmin, Semen"]
[Result "1-0"]
[WhiteTitle "GM"]
[WhiteElo "2485"]
[BlackElo "2190"]
[WhiteFideId "14101130"]
[BlackFideId "34171409"]
[EventDate "2019.10.05"]

1. d4 d5 2. c4 e6 3. Nc3 c6 4. e4 dxe4 5. Nxe4 Bb4+ 6. Bd2 Bxd2+ 7. Qxd2 Nf6 8.
Nxf6+ Qxf6 9. Nf3 O-O 10. O-O-O c5 11. dxc5 Na6 12. Qd6 Qf5 13. c6 bxc6 14. Bd3
Qc5 15. Qxc5 Nxc5 16. Bc2 a5 17. Rd6 Bb7 18. Rhd1 Rac8 19. Ne5 Ba8 20. f3 Rfe8
21. Nd7 Na6 22. Nb6 Rb8 23. Nxa8 Rxa8 24. Ba4 Rf8 25. Bxc6 Rab8 26. Bb5 Nc5 27.
Rc6 Rbc8 28. Rxc8 Rxc8 29. Kc2 f5 30. Kc3 Kf7 31. b3 e5 32. a3 Rc7 33. b4 axb4+
34. axb4 Ne6 35. Rd7+ Rxd7 36. Bxd7 Nd4 37. c5 Ke7 38. Bc8 Kd8 39. Ba6 g5 40.
Bd3 h5 41. Kc4 g4 42. f4 Nc6 43. b5 Na5+ 44. Kd5 e4 45. Bf1 Nb3 46. b6 1-0

[Event "Chigorin Memorial 2019"]
[Site "St Petersburg RUS"]
[Date "2019.10.06"]
[Round "2.27"]
[White "Aleksandrov, Danila"]
[Black "Nesterov, Arseniy"]
[Result "0-1"]
[WhiteElo "2196"]
[BlackElo "2473"]
[WhiteFideId "4133650"]
[BlackFideId "24198455"]
[EventDate "2019.10.05"]

1. d4 Nf6 2. c4 e6 3. Nc3 Bb4 4. Bg5 c5 5. d5 d6 6. e3 exd5 7. cxd5 Nbd7 8. Bd3
Qa5 9. Ne2 Nxd5 10. O-O Bxc3 11. bxc3 c4 12. Bc2 O-O 13. Ng3 Nxc3 14. Qh5 f5 15.
Be7 Rf7 16. Nxf5 Ne5 17. Nxg7 Nf3+ 18. Kh1 Qxh5 19. Nxh5 Rxe7 20. gxf3 Rf7 21.
Rfc1 b5 22. Bxh7+ Kxh7 23. Rxc3 Bb7 24. Ng3 Bxf3+ 25. Kg1 d5 26. Rb1 Rb8 27. a3
a5 28. e4 d4 0-1

[Event "Chigorin Memorial 2019"]
[Site "St Petersburg RUS"]
[Date "2019.10.06"]
[Round "2.28"]
[White "Artamonov, Valery"]
[Black "Pourramezanali, Amirreza"]
[Result "0-1"]
[BlackTitle "GM"]
[WhiteElo "2169"]
[BlackElo "2487"]
[WhiteFideId "24100480"]
[BlackFideId "12511412"]
[EventDate "2019.10.05"]

1. c4 b6 2. Nc3 Bb7 3. e4 Nf6 4. d3 e6 5. Nf3 c5 6. g3 Nc6 7. Bg2 Bd6 8. O-O O-O
9. Re1 Qb8 10. a3 a6 11. Rb1 Ng4 12. Ng5 Nf6 13. f4 Be7 14. Be3 Qc7 15. e5 Ne8
16. Qh5 Bxg5 17. Qxg5 f6 18. exf6 Nxf6 19. b4 h6 20. Qh4 Ne7 21. g4 Bxg2 22.
Kxg2 Qc6+ 23. Kg1 Qf3 24. bxc5 Nxg4 25. Qg3 Qxg3+ 26. hxg3 Nxe3 27. Rxe3 bxc5
28. Rb7 Nf5 29. Rf3 d6 30. Ne4 Rab8 31. Rd7 Rf7 32. Rxf7 Kxf7 33. g4 Nd4 34. Rf2
Ke7 35. f5 exf5 36. gxf5 Rb3 37. f6+ gxf6 38. Nxf6 Rxd3 39. Nd5+ Kd7 40. Rf7+
Ke6 41. Rh7 Rd1+ 42. Kf2 Nf5 43. a4 Rd2+ 44. Kf3 Rd3+ 45. Kf2 Ke5 46. Rh8 Kd4
47. Rf8 Ne3 48. Nb6 Kc3 49. Rf4 Kb4 50. Ke2 Ra3 51. Rf6 Nxc4 52. Rf4 Ra2+ 53.
Ke1 Rc2 54. a5 Kb5 55. Nc8 Kxa5 56. Rh4 d5 57. Rxh6 d4 58. Ne7 d3 59. Nd5 d2+
60. Ke2 d1=Q+ 0-1

[Event "Chigorin Memorial 2019"]
[Site "St Petersburg RUS"]
[Date "2019.10.06"]
[Round "2.29"]
[White "Peng, Xiongjian"]
[Black "Odegov, Artem"]
[Result "1-0"]
[WhiteElo "2476"]
[BlackElo "2183"]
[WhiteFideId "8610550"]
[BlackFideId "34183644"]
[EventDate "2019.10.05"]

1. Nf3 Nf6 2. c4 e6 3. d4 d5 4. Nc3 c5 5. cxd5 cxd4 6. Qa4+ Nbd7 7. Qxd4 Bc5 8.
Qd3 Nxd5 9. Nxd5 exd5 10. e3 Nf6 11. Qb5+ Nd7 12. Qb3 Nf6 13. Bb5+ Bd7 14. Bxd7+
Qxd7 15. Ne5 Qc7 16. Qb5+ Ke7 17. Nd3 Bd6 18. Bd2 Rac8 19. Bc3 Qc6 20. Qb3 Rhd8
21. O-O Ne4 22. Rac1 Nxc3 23. Rxc3 Qb6 24. Qxb6 axb6 25. Rb3 Rc6 26. Rd1 Ke6 27.
g3 Rd7 28. Kg2 Rd8 29. Rb5 Rd7 30. Rd2 g6 31. Ne1 Be5 32. e4 d4 33. f4 Bg7 34.
Nf3 d3 35. Kf2 f5 36. e5 h6 37. Ke3 Rc4 38. Rxb6+ Ke7 39. Rxd3 Re4+ 40. Kd2 Rc7
41. Nd4 Rd7 42. Nxf5+ gxf5 43. Rxd7+ Kxd7 44. Rxb7+ Ke6 45. Rxg7 1-0

[Event "Chigorin Memorial 2019"]
[Site "St Petersburg RUS"]
[Date "2019.10.06"]
[Round "2.30"]
[White "Indzhiev, Aldar"]
[Black "Gagare, Shardul"]
[Result "1/2-1/2"]
[BlackTitle "GM"]
[WhiteElo "2180"]
[BlackElo "2474"]
[WhiteFideId "34121703"]
[BlackFideId "5037883"]
[EventDate "2019.10.05"]

1. d4 d6 2. e4 Nf6 3. Bd3 e5 4. c3 d5 5. dxe5 Nxe4 6. Nf3 Nc6 7. Nbd2 Nc5 8. Nb3
Nxd3+ 9. Qxd3 Be7 10. Bf4 O-O 11. Rd1 Be6 12. Nbd4 Nxd4 13. Nxd4 Qd7 14. Qg3
Rfe8 15. O-O c5 16. Ne2 Qa4 17. Bg5 Bxg5 18. Qxg5 h6 19. Qg3 Qg4 20. Nf4 Qxg3
21. hxg3 Rad8 22. Rfe1 Rd7 23. f3 Red8 24. Kf2 d4 25. cxd4 Rxd4 26. Rxd4 Rxd4
27. a3 g5 28. Nxe6 fxe6 29. Ke3 Kf7 30. g4 Rd5 31. Kf2 b5 32. g3 Rd2+ 33. Re2
Rxe2+ 34. Kxe2 Kg6 35. Kd3 h5 36. gxh5+ Kxh5 37. b3 Kg6 38. Ke4 Kf7 39. Kd3 Kg6
40. Ke4 a6 41. a4 Kf7 42. Kd3 Ke7 43. axb5 axb5 44. Ke3 Ke8 45. Kd3 Kd7 46. Ke3
Ke7 47. Kd3 Kf7 48. Ke3 Kg6 49. Ke4 Kg7 50. Ke3 Kf8 51. Kd3 Ke8 52. Ke3 Kd7 53.
Kd3 Kc6 54. Ke4 c4 55. bxc4 bxc4 56. Kd4 Kb5 57. f4 gxf4 58. gxf4 Kb4 59. f5 1/2-1/2

[Event "Chigorin Memorial 2019"]
[Site "St Petersburg RUS"]
[Date "2019.10.06"]
[Round "2.31"]
[White "Zhao, Yuanhe"]
[Black "Perov, German"]
[Result "1-0"]
[WhiteElo "2457"]
[BlackElo "2177"]
[WhiteFideId "8609497"]
[BlackFideId "44111410"]
[EventDate "2019.10.05"]

1. Nf3 Nf6 2. g3 e6 3. Bg2 d5 4. O-O c5 5. c4 Be7 6. cxd5 exd5 7. d4 b6 8. Nc3
O-O 9. Bg5 Bb7 10. dxc5 bxc5 11. Ne5 Na6 12. Nc4 Rb8 13. Bxf6 Bxf6 14. Nxd5 Bxb2
15. Rb1 Bd4 16. Rxb7 Rxb7 17. Nf6+ Qxf6 18. Bxb7 Rb8 19. Qa4 Nb4 20. Qxa7 Rd8
21. a3 Qe6 22. axb4 Qxc4 23. e3 Qxb4 24. exd4 cxd4 25. Bd5 d3 26. Qxf7+ Kh8 27.
Bf3 1-0

[Event "Chigorin Memorial 2019"]
[Site "St Petersburg RUS"]
[Date "2019.10.06"]
[Round "2.32"]
[White "Zhukov, Anton"]
[Black "Vogel, Roven"]
[Result "1/2-1/2"]
[BlackTitle "IM"]
[WhiteElo "2178"]
[BlackElo "2465"]
[WhiteFideId "34187534"]
[BlackFideId "12908088"]
[EventDate "2019.10.05"]

1. Nf3 Nf6 2. g3 g6 3. Bg2 Bg7 4. O-O O-O 5. d3 d5 6. Nbd2 c5 7. e4 Nc6 8. Re1
b6 9. exd5 Nxd5 10. a3 Bb7 11. Rb1 Nc7 12. Nc4 Nb5 13. Nfe5 Rc8 14. a4 Nbd4 15.
c3 Nf5 16. Nxc6 Bxc6 17. Bxc6 Rxc6 18. Qf3 Rf6 19. Qd1 Qd5 20. Ne3 Qd7 21. Nc4
Rd8 22. Bg5 Re6 23. Rxe6 Qxe6 24. Qc1 Qd7 25. Ne3 h6 26. Nxf5 Qxf5 27. Be3 Rxd3
28. a5 Qd5 29. Ra1 h5 30. Qf1 Bf6 31. h4 Kg7 32. Kh2 e6 33. Qg2 Bd8 34. a6 Bc7
35. Kg1 Kf8 36. Qxd5 Rxd5 37. b4 cxb4 38. cxb4 Ke8 39. Kf1 Rb5 40. Rc1 Kd7 41.
Rc4 Bd6 42. Bd2 Rd5 43. Ke2 b5 44. Rc2 Bc7 45. Be3 Rd6 46. Rd2 Rxd2+ 47. Kxd2
Bb8 48. Kd3 Kc6 49. Bc5 e5 50. Be3 Kd5 51. Bc5 f5 52. Ke3 Kc6 53. Kd3 Bd6 54.
Bxa7 Bxb4 55. Be3 Bd6 56. a7 Kb7 57. f4 exf4 58. gxf4 Be7 59. Bf2 Bf6 60. Kc2 b4
61. Kb3 Bc3 62. Kc2 Ka8 63. Kd3 Kb7 64. Kc2 Bf6 65. Kb3 Bc3 1/2-1/2

[Event "Chigorin Memorial 2019"]
[Site "St Petersburg RUS"]
[Date "2019.10.06"]
[Round "2.33"]
[White "Yanchenko, Roman"]
[Black "Yurasova, Daria"]
[Result "1-0"]
[WhiteTitle "FM"]
[WhiteElo "2454"]
[BlackElo "2168"]
[WhiteFideId "4137329"]
[BlackFideId "34146919"]
[EventDate "2019.10.05"]

1. d4 d5 2. Bf4 Nf6 3. e3 c5 4. Nf3 Nc6 5. Nc3 Nh5 6. Be5 cxd4 7. Nxd4 Nf6 8.
Bxf6 exf6 9. Nde2 Be6 10. g3 Bb4 11. Bg2 O-O 12. O-O Bxc3 13. Nxc3 d4 14. exd4
Qxd4 15. Bxc6 Qxd1 16. Raxd1 bxc6 17. Rd6 Rab8 18. b3 c5 19. Ra6 Rb7 20. Ne4 c4
21. Nc5 Rc7 22. Nxe6 fxe6 23. Rxe6 cxb3 24. cxb3 Rd8 25. Re2 Rd5 26. Rfe1 Kf7
27. Kg2 Ra5 28. Rd2 Ra3 29. Re4 h6 30. h4 h5 31. Rb4 Kg6 32. Rb5 Re7 33. Rc5 Rb7
34. Rc8 Kf7 35. Rc5 Kg6 36. Kh3 Kh6 37. f4 Kg6 38. g4 hxg4+ 39. Kxg4 Re7 40.
Rdc2 Kf7 41. f5 Rd7 42. Kh5 Ra6 43. Rc7 Rd6 44. R2c6 Rd5 45. Rxd7+ Rxd7 46. Ra6
Rb7 47. Ra5 Ke7 48. Kg6 Kd6 49. h5 Kc6 50. h6 gxh6 51. Kxh6 Kb6 52. Rd5 Kc6 53.
Rd2 Kc5 54. Rc2+ Kd5 55. Kg6 Rb6 56. Rc7 Ra6 57. a4 Ke5 58. Re7+ Kd5 59. Kf7 Rb6
60. Rxa7 Rxb3 61. Kxf6 Rb6+ 62. Kg7 Rb1 63. f6 Rg1+ 64. Kf8 Rf1 65. f7 Kc6 66.
Ra6+ Kd5 67. Kg7 1-0

[Event "Chigorin Memorial 2019"]
[Site "St Petersburg RUS"]
[Date "2019.10.06"]
[Round "2.34"]
[White "Volkov, Roman"]
[Black "Bryakin, Mikhail"]
[Result "1/2-1/2"]
[BlackTitle "FM"]
[WhiteElo "2170"]
[BlackElo "2436"]
[WhiteFideId "34191442"]
[BlackFideId "4165314"]
[EventDate "2019.10.05"]

1. d4 d5 2. c4 c6 3. cxd5 cxd5 4. Nc3 Nc6 5. e4 e6 6. e5 Qb6 7. Nf3 Bd7 8. a3
Rc8 9. Na4 Qd8 10. Bd3 Nh6 11. Bg5 Be7 12. Bxh6 gxh6 13. O-O Na5 14. Nc5 Bc6 15.
b4 Nc4 16. Qb1 b6 17. Nb3 Ba4 18. Nbd2 Kf8 19. Bxh7 Bg5 20. Nxc4 dxc4 21. Bc2
Bc6 22. Be4 Ba4 23. b5 Be7 24. Bc2 Bxc2 25. Qxc2 Qd5 26. a4 c3 27. Rad1 Rg8 28.
Rd3 Bb4 29. Ne1 Rc4 30. Nf3 Ke7 31. g3 Rgc8 32. Rfd1 Ba5 33. Ne1 R8c7 34. Ng2
Rb4 35. Ne3 Qb3 36. d5 Rc8 37. dxe6 Qxc2 38. Nxc2 Rxa4 39. exf7 Kxf7 40. Rd7+
Kg8 41. e6 Re8 42. Rxa7 Re4 43. Rdd7 R4xe6 44. Rg7+ Kh8 45. Rh7+ Kg8 46. Rag7+
Kf8 47. Nd4 Rf6 48. Rc7 Kg8 49. Nc2 Rc8 50. Rcg7+ Kf8 51. Kg2 Rc5 52. Rd7 Kg8
53. Rdg7+ Kf8 54. Rb7 Kg8 55. Rbg7+ Kf8 56. Rb7 1/2-1/2

[Event "Chigorin Memorial 2019"]
[Site "St Petersburg RUS"]
[Date "2019.10.06"]
[Round "2.35"]
[White "Korchmar, Vasiliy"]
[Black "Palin, Denis"]
[Result "1-0"]
[WhiteTitle "IM"]
[WhiteElo "2432"]
[BlackElo "2164"]
[WhiteFideId "24131750"]
[BlackFideId "4118200"]
[EventDate "2019.10.05"]

1. d4 d5 2. c4 e6 3. Nf3 c5 4. cxd5 exd5 5. g3 Nc6 6. Bg2 Nf6 7. O-O Be7 8. dxc5
Bxc5 9. a3 O-O 10. b4 Be7 11. Nc3 Be6 12. Bb2 Qd7 13. e3 Rfd8 14. Ne2 b5 15.
Ned4 a5 16. Rc1 Nxd4 17. Bxd4 axb4 18. Ne5 Qb7 19. axb4 Rdc8 20. Rxc8+ Rxc8 21.
Nd3 Ne4 22. Nf4 Qd7 23. Qa1 Nd2 24. Rd1 Nb3 25. Qb2 Nxd4 26. Qxd4 Rc4 27. Qa1 d4
28. Nxe6 fxe6 29. exd4 Rxb4 30. Bh3 Ra4 31. Qc3 Ra3 32. Qe1 Qd6 33. Bxe6+ Kh8
34. Qe4 b4 35. d5 h6 36. Rc1 Rc3 37. Rxc3 bxc3 38. Qg6 1-0

[Event "Chigorin Memorial 2019"]
[Site "St Petersburg RUS"]
[Date "2019.10.06"]
[Round "2.36"]
[White "Marinskii, Yurii"]
[Black "Kardashevskiy, Evgeny"]
[Result "0-1"]
[BlackTitle "FM"]
[WhiteElo "2167"]
[BlackElo "2428"]
[WhiteFideId "34215425"]
[BlackFideId "24108138"]
[EventDate "2019.10.05"]

1. e4 c5 2. Nc3 Nc6 3. g3 g6 4. Bg2 Bg7 5. d3 d6 6. f4 e6 7. Nf3 Nge7 8. O-O O-O
9. Be3 b6 10. Bf2 Ba6 11. Qd2 Rc8 12. a3 Qc7 13. Rfe1 Nd4 14. Rab1 Rfd8 15. Ne2
Nxf3+ 16. Bxf3 d5 17. e5 d4 18. b3 Bb7 19. Bxb7 Qxb7 20. a4 h5 21. h4 Qf3 22.
Nc1 Nd5 23. Qe2 Qxe2 24. Nxe2 a6 25. Ra1 f6 26. exf6 Bxf6 27. Kg2 e5 28. fxe5
Bxe5 29. Ng1 Re8 30. Nf3 Bg7 31. Rxe8+ Rxe8 32. Re1 Rxe1 33. Nxe1 Nb4 34. Kf3
Bh6 35. Ke2 Kf7 36. Kd1 Ke6 37. Nf3 Kf5 38. Nh2 a5 39. Be1 Nd5 40. Bd2 Bxd2 41.
Kxd2 g5 42. hxg5 Kxg5 43. Ke2 Kf5 44. Kd2 Kf6 45. g4 h4 46. Nf3 h3 47. Ke2 Ne3
48. g5+ Kf5 49. Kf2 Nxc2 50. Kg3 Nb4 51. Kxh3 Nxd3 52. Kh4 Ne5 53. Nd2 Kf4 54.
Kh5 d3 55. g6 Nxg6 56. Kxg6 Ke3 57. Nc4+ Ke2 58. Kf5 d2 59. Nb2 d1=Q 0-1

[Event "Chigorin Memorial 2019"]
[Site "St Petersburg RUS"]
[Date "2019.10.06"]
[Round "2.37"]
[White "Vlasenko, Miroslav"]
[Black "Sinitsina, Anastassia"]
[Result "1-0"]
[WhiteTitle "IM"]
[BlackTitle "WFM"]
[WhiteElo "2430"]
[BlackElo "2163"]
[WhiteFideId "4151887"]
[BlackFideId "4504640"]
[EventDate "2019.10.05"]

1. d4 Nf6 2. Nc3 c5 3. d5 g6 4. e4 d6 5. Nf3 Bg7 6. Be2 O-O 7. O-O a6 8. a4 Nbd7
9. Bf4 Rb8 10. Nd2 Ne8 11. Nc4 Qc7 12. a5 Ne5 13. Nb6 f5 14. Nxc8 Qxc8 15. exf5
Qxf5 16. Ra4 b5 17. axb6 Rxb6 18. Bc1 Qc8 19. Ne4 Nc7 20. c3 Qe8 21. f4 Nd7 22.
Bg4 Nf6 23. Nxf6+ Bxf6 24. f5 Kh8 25. fxg6 hxg6 26. Raf4 Kg7 27. Bf3 Be5 28. Rg4
Qf7 29. Qd2 Rh8 30. g3 Ne8 31. Be4 Nf6 32. Bxg6 Qf8 33. Be8+ Kh7 34. Qd3+ 1-0

[Event "Chigorin Memorial 2019"]
[Site "St Petersburg RUS"]
[Date "2019.10.06"]
[Round "2.38"]
[White "Khubukshanov, Erdem"]
[Black "Gusain, Himal"]
[Result "0-1"]
[BlackTitle "IM"]
[WhiteElo "2247"]
[BlackElo "2420"]
[WhiteFideId "54114527"]
[BlackFideId "5033861"]
[EventDate "2019.10.05"]

1. e4 c5 2. Nf3 Nc6 3. d4 cxd4 4. Nxd4 g6 5. Nc3 Bg7 6. Be3 Nf6 7. Bc4 O-O 8.
Bb3 Re8 9. O-O d6 10. h3 Na5 11. Ndb5 a6 12. Nd4 b5 13. Qd3 Bb7 14. a3 Rc8 15.
Rad1 Nc4 16. Bc1 d5 17. exd5 Nxd5 18. Ndxb5 axb5 19. Nxd5 Bxb2 20. Bxc4 bxc4 21.
Qg3 Bxd5 22. Bxb2 f6 23. Bc3 Qd7 24. Qf4 Qc6 25. Qg4 Be4 26. Rd2 h5 27. Qg3 Qa4
28. f4 Kf7 29. Re2 Bxc2 30. f5 Bxf5 31. Rxf5 gxf5 32. Qf3 Qa7+ 33. Kh1 Rh8 34.
Qxf5 Rcd8 35. Qe6+ Kg7 36. Re3 Rd3 37. Bxf6+ exf6 38. Re1 Qd7 39. Qe2 c3 40. Rf1
Rh6 41. Re1 Rg6 42. Qxh5 c2 43. Qc5 Rd1 0-1

[Event "Chigorin Memorial 2019"]
[Site "St Petersburg RUS"]
[Date "2019.10.06"]
[Round "2.39"]
[White "Bodnaruk, Anastasia"]
[Black "Khudyakov, Stanislav"]
[Result "1-0"]
[WhiteTitle "IM"]
[WhiteElo "2415"]
[BlackElo "2160"]
[WhiteFideId "4181751"]
[BlackFideId "44131232"]
[EventDate "2019.10.05"]

1. e4 c5 2. Nf3 Nc6 3. d4 cxd4 4. Nxd4 Nf6 5. Nc3 e5 6. Ndb5 d6 7. Bg5 a6 8. Na3
b5 9. Nd5 Be7 10. Bxf6 Bxf6 11. c4 b4 12. Nc2 a5 13. Be2 O-O 14. O-O Bg5 15. Qd3
Be6 16. Rfd1 Rb8 17. g3 Bh6 18. b3 Qd7 19. Nde3 Bxe3 20. Qxe3 Qe7 21. Bf3 a4 22.
Rd2 Rfd8 23. Rad1 Na5 24. Rd3 Qc7 25. Qd2 Qb6 26. h4 h6 27. Bg2 Nb7 28. Rb1 Nc5
29. Re3 axb3 30. axb3 Rd7 31. Ra1 Rdb7 32. Kh2 Qc6 33. f4 f6 34. f5 Bf7 35. g4
Kf8 36. g5 Ke7 37. gxh6 gxh6 38. Rg3 h5 39. Qh6 Nxb3 40. Rxb3 Qxc4 41. Rb2 Rg8
42. Qe3 b3 43. Ne1 Rc7 44. Nd3 Qb5 45. Nc1 Rg4 46. Nxb3 Qb4 47. Ra7 Rxa7 48.
Qxa7+ Kf8 49. Qe3 Rxh4+ 50. Kg3 Rf4 51. Rb1 Qa3 52. Qc3 Qa2 53. Nd2 Qa7 54. Bf3
h4+ 55. Kg2 Kg7 56. Rf1 Qa2 57. Ra1 h3+ 58. Kxh3 Rxf3+ 59. Nxf3 Qe2 60. Nh2 Qxe4
61. Qg3+ Kf8 62. Qf3 Qb4 63. Ra8+ Ke7 64. Qa3 1-0

[Event "Chigorin Memorial 2019"]
[Site "St Petersburg RUS"]
[Date "2019.10.06"]
[Round "2.40"]
[White "Efremov, Vladislav"]
[Black "Polschikov, Alexey"]
[Result "0-1"]
[WhiteTitle "FM"]
[BlackTitle "FM"]
[WhiteElo "2137"]
[BlackElo "2416"]
[WhiteFideId "44159935"]
[BlackFideId "24130583"]
[EventDate "2019.10.05"]

1. e4 c5 2. Nf3 d6 3. Bb5+ Nd7 4. O-O Nf6 5. Re1 a6 6. Bf1 b6 7. d4 cxd4 8. Nxd4
Bb7 9. f3 e6 10. c4 Be7 11. Nc3 O-O 12. Be3 Rc8 13. Rc1 Qc7 14. Qd2 Qb8 15. Qf2
Kh8 16. Kh1 Rg8 17. Be2 g5 18. Nc2 Bd8 19. Bd4 Rg6 20. Bd3 Bc7 21. e5 dxe5 22.
Bxg6 exd4 23. Bxf7 dxc3 24. Bxe6 Rd8 25. Qe3 Bf4 26. Qxc3 Bxc1 27. Bxd7 Qf4 28.
Rd1 Kg7 29. Nd4 Qe5 30. Re1 Bxb2 31. Qb4 a5 32. Rxe5 axb4 33. Ne6+ Kg6 34. Rxg5+
Kh6 35. Nxd8 Kxg5 36. Be6 Ba8 37. Nf7+ Kf4 38. Kg1 Bd4+ 39. Kf1 Ke3 40. Bf5 Kd2
41. g4 Bxf3 42. g5 Ng4 0-1

[Event "Chigorin Memorial 2019"]
[Site "St Petersburg RUS"]
[Date "2019.10.06"]
[Round "2.41"]
[White "Shubin, Kirill"]
[Black "Khalikov, Bulat"]
[Result "1-0"]
[WhiteTitle "IM"]
[WhiteElo "2416"]
[BlackElo "2152"]
[WhiteFideId "34119962"]
[BlackFideId "34147869"]
[EventDate "2019.10.05"]

1. e4 e5 2. Nf3 Nc6 3. Bb5 a6 4. Ba4 Nf6 5. O-O Be7 6. Re1 b5 7. Bb3 d6 8. c3
O-O 9. h3 Nb8 10. d4 Nbd7 11. Nbd2 Bb7 12. Bc2 Re8 13. Nf1 Bf8 14. Ng3 g6 15. a4
Bg7 16. dxe5 Nxe5 17. Nxe5 dxe5 18. Qe2 c6 19. Be3 Qc7 20. Nf1 Nd7 21. Nd2 Bf8
22. Red1 Nb6 23. Bb3 Nxa4 24. Bxa4 bxa4 25. Rxa4 a5 26. Rda1 Ba6 27. c4 Bb4 28.
Nb3 Reb8 29. Bc5 Qc8 30. Bxb4 Rxb4 31. Rxb4 axb4 32. Nc5 Ra7 33. Qd2 Qa8 34.
Qxb4 Bc8 35. Rd1 Ra1 36. Qd2 Rxd1+ 37. Qxd1 Qa5 38. Qd6 Qa1+ 39. Kh2 Qxb2 40.
Qxc6 Bxh3 41. Kxh3 Qxf2 42. Qe8+ Kg7 43. Qxe5+ f6 44. Ne6+ Kf7 45. Qd4 1-0